| 000 | 00413nam a22001457a 4500 | ||
|---|---|---|---|
| 999 |
_c14787 _d14787 |
||
| 020 | _a9788183602297 | ||
| 082 |
_a664 _bPAN/OB |
||
| 100 |
_aPandiselvam,R _91995 |
||
| 245 | _aObjective question bank in agricultural process engineering (food engineering) | ||
| 260 |
_aNew Delhi _bJain Brothers _c2016 |
||
| 300 | _a151p | ||
| 700 |
_aKothakota, Anjineyulu _91996 |
||
| 700 |
_aKrishnakumar, p _91997 |
||
| 942 | _cBK | ||